header

Dividing western waters (Record no. 52176)

MARC details
000 -LEADER
fixed length control field 01754nam a2200445 a 4500
082 04 - DEWEY DECIMAL CLASSIFICATION NUMBER
Classification number 346.7304/32
100 1# - MAIN ENTRY--AUTHOR NAME
Personal name August, Jack L.
245 10 - TITLE STATEMENT
Title Dividing western waters
260 ## - PUBLICATION, DISTRIBUTION, ETC. (IMPRINT)
Place of publication Fort Worth, Tex. :
Name of publisher TCU Press,
Year of publication c2007.
300 ## - PHYSICAL DESCRIPTION
Number of Pages xix, 172 p. :
Other physical details ill., map, port.
650 #0 - SUBJECT ADDED ENTRY--TOPICAL TERM
Topical Term Water rights
Topical Term Water rights
Topical Term Water-supply
Topical Term Water-supply
856 40 - ELECTRONIC LOCATION AND ACCESS
Uniform Resource Identifier http://site.ebrary.com/lib/rucke/Doc?id=10631172

No items available.

© 2026 Rongo University
Contact us: librarian | system librarian | Rongo university